Neurobiología de la visión

Gespeichert in:
Bibliographische Detailangaben
1. Verfasser: Urtubia Vicario, César (VerfasserIn)
Format: Buch
Sprache:Spanisch
Veröffentlicht: Barcelona UPC 1997
Schriftenreihe:Politext, 51
Schlagworte:
Tags: Tag hinzufügen
Keine Tags, Fügen Sie den ersten Tag hinzu!

MARC

LEADER 00000nam a2200000 a 4500
001 UCQ7695
003 CL-VaPUC
008 981113e19970000SP |||||||||||||||||spa|d
082 0 4 |a 612.84  |b URT  |2 21 
100 0 |a Urtubia Vicario, César  |e author  |9 421434 
245 1 0 |a Neurobiología de la visión 
300 |a 288 p 
942 |c BK 
945 |d 19981113 00:00:00  |a rbrito 
260 |a Barcelona  |b UPC  |c 1997 
650 0 |a Visión  |9 269056 
650 0 |a Percepción visual  |9 267039 
650 0 |a Neurobiología   |9 269798 
650 7 |a SINAPSIS  |2 CL-VaPUC  |9 421435 
650 0 |a Sistema nervioso  |9 266815 
650 0 |a Neuronas  |9 369351 
650 7 |a FISIOLOGIA  |2 CL-VaPUC  |9 421436 
650 7 |a FOTOQUIMICA  |2 CL-VaPUC  |9 306796 
583 |a last modification  |c 20171031 11:00:17  |k Rodrigo Vera 
490 0 |a Politext, 51 
999 |c 277156  |d 277154 
952 |0 0  |1 0  |4 0  |6 612_840000000000000_URT_1997  |7 0  |8 A  |9 314948  |a BIBCUR  |b BIBCUR  |d 2019-11-20  |i 3472450  |o 612.84 URT 1997  |p 3472450  |r 2025-04-22  |w 2019-11-20  |y BK  |k TEM 
952 |0 0  |1 0  |4 0  |6 612_840000000000000_URT_1997  |7 0  |8 A  |9 314949  |a BIBCUR  |b BIBCUR  |d 2019-11-20  |i 3472477  |o 612.84 URT 1997  |p 3472477  |r 2025-04-22  |w 2019-11-20  |y BK  |k TEM